| 000 | 00457nam a22001577a 4500 | ||
|---|---|---|---|
| 003 | Macl | ||
| 005 | 20241023112729.0 | ||
| 008 | 241023b |||||||| |||| 00| 0 eng d | ||
| 040 | _cMacl | ||
| 082 | _a610 | ||
| 100 |
_aगिलीहन सेठ _982775 |
||
| 245 | _aरीटैन योर ब्रैन | ||
| 260 |
_aपुणे _bमायमिरर _c2023 |
||
| 651 |
_aसी बी टी थेरे पी _982776 |
||
| 942 |
_2ddc _cBK |
||
| 999 |
_c67492 _d67492 |
||